Commission of the European Communities v United Kingdom (Record no. 77104)
[ view plain ]
| 000 -LEADER | |
|---|---|
| fixed length control field | 01485cab a2200241 4500 |
| 001 - CONTROL NUMBER | |
| control field | ##L133599 |
| 008 - FIXED-LENGTH DATA ELEMENTS--GENERAL INFORMATION | |
| fixed length control field | 060522n2006 000 0 eng u |
| 035 ## - SYSTEM CONTROL NUMBER | |
| System control number | (Sirsi) u133599 |
| 041 #0 - LANGUAGE CODE | |
| Language code of text/sound track or separate title | eng |
| 245 00 - TITLE STATEMENT | |
| Title | Commission of the European Communities v United Kingdom |
| 260 ## - PUBLICATION, DISTRIBUTION, ETC. | |
| Date of publication, distribution, etc. | 2006 |
| 520 ## - SUMMARY, ETC. | |
| Summary, etc. | ECJ C-98/04, 4 May 2006. Considers whether the use of Lawful Development Certificates (LDCs) allows the environmental impact procedures of Directive 85/337/EEC Arts 2(1) and 4 to be bypassed. The Commission had received a complaint about the UK practice of issuing Lawful Development Certificates (LDCs) to confirm that particular uses of land are lawful for planning control purposes. "Held": the Commission's action was dismissed as inadmissible as it presented only one aspect of a legal mechanism composed of two inseparable parts. |
| 590 ## - LOCAL NOTE (RLIN) | |
| Local note | IKA230506 NTK |
| 650 24 - SUBJECT ADDED ENTRY--TOPICAL TERM | |
| Topical term or geographic name entry element | DIRECTIVE 97/11/EC |
| 650 24 - SUBJECT ADDED ENTRY--TOPICAL TERM | |
| Topical term or geographic name entry element | DIRECTIVE 85/337/EEC |
| 650 24 - SUBJECT ADDED ENTRY--TOPICAL TERM | |
| Topical term or geographic name entry element | DIRECTIVE 85/337/EEC ART 2(2) |
| 650 24 - SUBJECT ADDED ENTRY--TOPICAL TERM | |
| Topical term or geographic name entry element | DIRECTIVE 85/337/EEC ART 4 |
| 650 24 - SUBJECT ADDED ENTRY--TOPICAL TERM | |
| Topical term or geographic name entry element | EUROPEAN COMMISSION V UNITED KINGDOM |
| 651 #4 - SUBJECT ADDED ENTRY--GEOGRAPHIC NAME | |
| Geographic name | England and Wales |
| Chronological subdivision | 1543- |
| 690 ## - LOCAL SUBJECT ADDED ENTRY--TOPICAL TERM (OCLC, RLIN) | |
| Topical term or geographic name as entry element | ENVIRONMENTAL AND LAND CONSULTANCY-ENVIRONMENTAL MANAGEMENT-ENVIRONMENTAL ASSESSMENT-ENVIRONMENTAL IMPACT ASSESSMENT |
| 856 40 - ELECTRONIC LOCATION AND ACCESS | |
| Uniform Resource Identifier | <a href="https://curia.eu.int/jurisp/cgi-bin/form.pl?lang=en&Submit=Submit&docj=docj&numaff=&datefs=2006-05-04&datefe=&nomusuel=&domaine=&mots=&resmax=100">https://curia.eu.int/jurisp/cgi-bin/form.pl?lang=en&Submit=Submit&docj=docj&numaff=&datefs=2006-05-04&datefe=&nomusuel=&domaine=&mots=&resmax=100</a> |
| Public note | View the judgment free of charge at http://curia.eu.int... |
| 942 ## - ADDED ENTRY ELEMENTS (KOHA) | |
| Suppress in OPAC | 0 |
| Withdrawn status | Lost status | Source of classification or shelving scheme | Damaged status | Not for loan | Home library | Current library | Shelving location | Date acquired | Total Checkouts | Full call number | Barcode | Date last seen | Copy number | Price effective from | Koha item type |
|---|---|---|---|---|---|---|---|---|---|---|---|---|---|---|---|
| Dewey Decimal Classification | Virtual | Virtual | Online | 22/05/2006 | ONLINE PUBLICATION | 133599-2001 | 06/08/2019 | 1 | 06/08/2019 | Law report |